Statistics for Rugby World Cup Host Countries

Click here to take the quiz!

General Stats

  • This quiz has been taken 36 times
  • The average score is 5 of 6

Answer Stats

YearsCountry% Correct
2003, 1987Australia
97%
2011, 1987New Zealand
97%
2023, 2007, 1991France
91%
1995South Africa
91%
1991United Kingdom
88%
2019Japan
82%

Score Distribution

Percentile by Number Answered

Percent of People with Each Score

Your Score History

You have not taken this quiz